Statistics for Persona 5 Royal Voice Actors

Click here to take the quiz!

General Stats

  • This quiz has been taken 32 times
  • The average score is 12 of 25

Answer Stats

HintAnswer% Correct
Ren Amamiya/Akira KurusuXander Mobus
90%
Yusuke KitagawaMatthew Mercer
81%
Goro AkechiRobbie Daymond
81%
MorganaCassandra Lee Morris
76%
Ryuji SakamotoMax Mittelman
71%
Tukuto MarukiBilly Kametz
67%
Futaba SakuraErica Lindbeck
67%
Ann TakamakiErika Harlacher
62%
Makoto NiijimaCherami Leigh
57%
Haru OkumuraXanthe Huynh
57%
Masayoshi ShidoKeith Silverstein
52%
Kasumi YoshizawaLaura Post
52%
Sae NiijimaElizabeth Maxwell
43%
Sadayo KawakamiMichelle Ruff
43%
Ichiko OhyaAmanda Winn Lee
38%
Tae TakemiAbby Trott
33%
Caroline/JustineCarrie Keranen
29%
Sojiro SakuraJamieson Price
29%
Munehisa IwaiKaiji Tang
29%
Yuuki MishimaSean Chiplock
29%
Shiho SuzuiChristine Marie Cabanos
24%
Hifumi TogoEden Riegel
19%
Chihaya MifuneSarah Williams
19%
Shinya OdaBarbara Goodson
14%
Toranosuke YoshidaWilliam Salyers
14%

Score Distribution

Percentile by Number Answered

Percent of People with Each Score

Your Score History

You have not taken this quiz